Statistics for U.S.A vs. Europe

Click here to take the quiz!

General Stats

  • This quiz has been taken 152 times
    (145 since last reset)
  • The average score is 11 of 20

Answer Stats

HintAnswer% Correct
Which European empire used to control Alaska?Russia
88%
What word can refer to two different sports in the U.S and Europe?Football
84%
What food is considered American, but is named for Hamburg, Germany?Hamburger
83%
Which country went to war with the U.S in 1898?Spain
78%
What is the name of a major city in both Texas and FranceParis
74%
New York City was formerly named after what European City?Amsterdam
71%
Name one of two major U.S cities named for a French king?St. Louis or Louisville
60%
Which U.S state created a wine which beat all French Wines in 1976?California
59%
What is the common term for French Fries in England?Chips
59%
Which explorer has a river in New York named for them?Henry Hudson
57%
What U.S state was discovered by British explorer James Cook?Hawaii
56%
What U.S city has the largest Irish population?Boston
53%
Thomas Jefferson bought land from which European leader?Napoleon
52%
What European country is about the same size as Montana?Sweden
51%
What Channel Island also has a state named for it?Jersey
50%
Ohio and Spain both have a city of what name?Toledo
35%
What language is most spoken other than English and Spanish in Illinois?Polish
31%
What European Country's capital has the same name as a city in Georgia?Greece
27%
Who was the first American ambassador to France?Thomas Jefferson
27%
Which group of people famously took boat from England to America?Pilgrims
26%

Score Distribution

Percentile by Number Answered

Percent of People with Each Score

Your Score History

You have not taken this quiz since the last reset